=LDR 00000nam 2200000 4500 =001 INLIS000000000008405 =005 20200527090409 =035 ##$$a 0010-061300000008405 =008 200527################g##########0#ind## =041 ##$$a Ind =082 ##$$a 2x4.74 =090 ##$$a 2x4.74, Riz i =100 1#$$a Rizq, Jabir =245 1#$$a Ikhwanul muslimin dibantai syiria, /$c Jabir Rizq =260 ##$$a Jakarta :$b Buku Andalan,$c 1990 =300 ##$$a 136 hlm., ; $c 12x18 cm =650 #4$$a hukum islam =084 ##$$a 2x4.74 RIZ i =250 ##$$a cet.2 =990 ##$$a DW00030003 =990 ##$$a 1199400279 =990 ##$$a DW00029996 =990 ##$$a DW00030003 =990 ##$$a 1199400279